| 000 | 00674nam a22001937i 4500 | ||
|---|---|---|---|
| 003 | URS | ||
| 005 | 20220114153525.0 | ||
| 008 | 190525b ||||| |||| 00| 0 eng d | ||
| 040 |
_beng _erda _cURS Pililla Library |
||
| 082 | 0 | 0 | _bT BT HRM10 2009 |
| 100 | 1 |
_aBayani, Rushel P. _eresearcher |
|
| 245 | 1 | 0 |
_aWork performance of jollibee crew in Tanay, Rizal / _cRushel P. Bayani |
| 336 |
_atext _btxt _2rdacontent |
||
| 337 |
_aunmediated _bn _2rdamedia |
||
| 338 |
_avolume _bnc _2rdacarrier |
||
| 502 |
_aThesis _bBachelor of Technology Major in Hotel and Restaurant Management _cUniversity of Rizal System Pililla |
||
| 700 | 1 |
_aMasinsin, Apolinario F. _eadviser |
|
| 942 |
_2ddc _cT |
||
| 999 |
_c8808 _d8808 |
||